| 000 | 00421nam a2200157Ia 4500 | ||
|---|---|---|---|
| 005 | 20250627012337.0 | ||
| 008 | 240331s9999 xx 000 0 und d | ||
| 020 | _a955203209 | ||
| 082 |
_a302.23 _bDES |
||
| 100 | _aDe Silva, A | ||
| 245 | 0 | _aSinhala cinamawe nirupitha kanthawa | |
| 260 |
_aColombo _bS. Godage & Brothers _c1998 |
||
| 300 | _a200 p ., | ||
| 500 | _aA book of Iconic Woman of Sinhala Cinema | ||
| 942 | _cL | ||
| 999 |
_c1127 _d1127 |
||